| 000 -LEADER | |
|---|---|
| fixed length control field | 00521nam a22001817a 4500 |
| 005 - DATE AND TIME OF LATEST TRANSACTION | |
| control field | 20240920134203.0 |
| 008 - FIXED-LENGTH DATA ELEMENTS--GENERAL INFORMATION | |
| fixed length control field | 240918b |||||||| |||| 00| 0 eng d |
| 020 ## - INTERNATIONAL STANDARD BOOK NUMBER | |
| ISBN | 978-93-87880-70-2 |
| 041 ## - LANGUAGE CODE | |
| Language code of text/sound track or separate title | eng |
| 082 ## - DEWEY DECIMAL CLASSIFICATION NUMBER | |
| Classification number | 615.19 |
| 100 ## - MAIN ENTRY--AUTHOR NAME | |
| Personal name | LUMBHANI, DR. ARVIND N AND GEETHA, DR.G. AND SINGH, DR. ARVIND KUMAR |
| 245 ## - TITLE STATEMENT | |
| Title | PHARMACEUTICAL ORGANIC CHEMISTRY- II |
| 250 ## - EDITION STATEMENT | |
| Edition statement | RE-PRINT, ED. 2022 |
| 260 ## - PUBLICATION, DISTRIBUTION, ETC. (IMPRINT) | |
| Place of publication | LUCKNOW |
| Name of publisher | THAKUR PUBLICATION PVT.LTD |
| 300 ## - PHYSICAL DESCRIPTION | |
| Number of Pages | 160;P |
| 650 ## - SUBJECT ADDED ENTRY--TOPICAL TERM | |
| Topical Term | PHARMACY |
| General subdivision | B.PHARMA |
| 942 ## - ADDED ENTRY ELEMENTS (KOHA) | |
| Koha item type | Books |
| Lost status | Damaged status | Collection code | Home library | Current library | Shelving location | Date acquired | Source of acquisition | Cost, normal purchase price | Full call number | Accession Number | Koha item type |
|---|---|---|---|---|---|---|---|---|---|---|---|
| PHARMACY | JRU Library | JRU Library | SHELF-17-D | 13/09/2024 | PURCHASE | 140.00 | 615.19 | 28452 | Books | ||
| PHARMACY | JRU Library | JRU Library | SHELF-17-D | 13/09/2024 | PURCHASE | 140.00 | 615.19 | 28453 | Books | ||
| PHARMACY | JRU Library | JRU Library | SHELF-17-D | 13/09/2024 | PURCHASE | 140.00 | 615.19 | 28454 | Books |